Quizzes
Events
Quiz Creation
Community
Videos
Private Events
Remove Ads
Sign In
Join for FREE
Feedback
Dark Mode
Quiz Categories
Sports
Geography
Music
Movies
Television
Just For Fun
Miscellaneous
History
Literature
Language
Science
Gaming
Entertainment
Religion
Holiday
For Kids
Quiz Lab
Recent
Popular Today
Quiz Kudos Today
Editor Picks
Curator Picks
Quizzes by...
Day
Popularity
Type
Ratings
Length
Year
Community
Subscriptions
Recent Discussions
Orange Saloon
Badges
Playlists
Quests
Create
Leaderboards
Showdown
Live 5
Trivia Bingo
Activity
Puzzle Library
Sporcle Events
Private Events
Virtual Trivia
Globe League
Become a Host
Pub Owners
SporcleCon
Opinionation
Our Games
Videos
Blog
Mobile Apps
Partnerships
Remove Ads and Go Orange
Feedback
Sports
Athletes
MLB
NBA
NHL
NFL
Soccer
Sports Teams
WWE
NCAA
Football
Premier League
Basketball
Baseball
Hockey
Golf
Tennis
Cricket
Rugby
Auto Racing
Olympics
World Cup
Sports
Athletes
MLB
NBA
NHL
NFL
Soccer
Sports Teams
WWE
NCAA
Football
Premier League
Basketball
Baseball
Hockey
Golf
Tennis
Cricket
Rugby
Auto Racing
Olympics
World Cup
Random Quiz
Search Sporcle
×
Quiz Lab
Quiz Lab
Sports
Baseball
Type in answers that appear in a list
Type in answers that appear in a list
Classic
Best Score? Go Orange.
Spring training stadiums Stats
Can you name the MLB spring training stadiums?
By
wswinner71
6m
30 Questions
79 Plays
79 Plays
79 Plays
Comments
Comments
Give Quiz Kudos
Give Quiz Kudos
-
- Ratings
hide this ad
Replay
Link that replays current quiz
Next Quiz
Link to next quiz in quiz playlist
You Got
0%
They Got
Avg Score
25%
Avg Friend Score
Upgrade to see
Score Distribution
Jump to the score distribution portion of the page
Score
0/30
Timer
06:00
0
Plays Today
Team
Name of Stadium
% Correct
Chicago White Sox
Camelback Ranch
40.5%
Kansas City Royals
Surprise Stadium
40.5%
Texas Rangers
Surprise Stadium
40.5%
Los Angeles Dodgers
Camelback Ranch
40.5%
New York Yankees
George M. Steinbrenner Field
35.4%
Minnesota Twins
Hammond Stadium
35.4%
Cleveland Indians
Goodyear Ballpark
34.2%
Seattle Mariners
Peoria Sports Complex
34.2%
Cincinnati Reds
Goodyear Ballpark
34.2%
San Francisco Giants
Scottsdale Stadium
32.9%
Los Angeles Angels of Anaheim
Tempe Diablo Stadium
31.6%
Atlanta Braves
Champion Stadium
27.8%
Tampa Bay Rays
Charlotte Sports Park
26.6%
Colorado Rockies
Salt River Fields at Talking Stick
26.6%
Arizona Diamondbacks
Salt River Fields at Talking Stick
26.6%
Team
Name of Stadium
% Correct
Florida Marlins
Roger Dean Stadium
24.1%
St. Louis Cardinals
Roger Dean Stadium
24.1%
Baltimore Orioles
Ed Smith Stadium
21.5%
Oakland Athletics
Phoenix Municipal Stadium
21.5%
Chicago Cubs
HoHoKam Stadium
21.5%
Phiadelphia Phillies
Bright House Field
20.3%
New York Mets
Digital Domain Park
19%
Detroit Tigers
Joker Merchant Stadium
16.5%
Boston Red Sox
City of Palms Park
15.2%
Washington Nationals
Space Coast Stadim
15.2%
Houston Astros
Osceola County Stadium
12.7%
San Diego Padres
Poeria Sports Complex
12.7%
Pittsburgh Pirates
McKenchie Field
11.4%
Toronto Blue Jays
Florida Auto Exchange Stadium
10.1%
Milwaukee Brewers
Maryvale Baseball Park
10.1%
Quiz Playlist
Details
Report
Send in Message
Add To Playlist
Classic:
Type in answers that appear in a list
Last Updated: Feb 16, 2017
Quiz Scoreboard
CHALLENGE
Sign Up to Join the Scoreboard
Show All
Scores
Hide
Comments
May contain spoilers
Recently Published
Popular People in 1961
by mucciniale
History
6m
1-10 Letter E Words III
by El_Dandy
Language
2m
One Thing in Common: World Cities II
by knightlancer
Geography
7m
More to Explore
Quiz From the Vault
Featured Blog Post
Where Did the Easter Bunny Come From?
hide this ad
You Might Also Like...
Tags
Baseball Quiz
MLB Quiz
Spring
Stadiums
team
Training
Today's Top Quizzes in Sports
Browse Sports
hide this ad
Today's Top Quizzes in Baseball
Browse Baseball
Top Contributed Quizzes in Sports
1
Les meilleurs buteurs des matchs entre le PSG et l’OM
2
Les entraîneurs de l'OM et du PSG au 21e siècle
3
2022 World Cup Stars
4
FIFA Club World Cup Champions
5
Name the Premier League winners with different clubs
6
La finale Lions - Afrique du Sud 2021
7
Criteria MLB: Left Handed Sluggers
8
Players with Multiple 50 Home Run Seasons
9
MLB Players with Two .350 Batting Average Seasons
10
MLB Hall of Famer by Rings
Explore More
Trending Topics
Marvel
NBA
Disney
Anime
Crossword
Harry Potter
Kpop
Pokémon
The Office
Soccer
NFL
Country
Song
Puzzle
WWE
hide this ad
More By:
wswinner71
Quiz
Plays
Rating
Category
Featured
Created
Big 4 Sports Champs of 2000s
842
2.11
Sports
Nov 2, 2010
19+ strikeout performances
156
4.75
Sports
Nov 1, 2010
Winningest NFL Coaches
142
3.33
Sports
Oct 30, 2010
Greatest QBs Ever
105
1.00
Just For Fun
Feb 5, 2011
All-Time Rushing TD Leaders
101
1.00
Sports
Dec 3, 2010
Go to Creator's Profile
Score Distribution
Quiz Creator Spotlight
wswinner71
Follow
Send a Message
Quizzes Created
-
Created Quiz Play Count
-
More By This Creator
Popular Quizzes Today
1
Find the US States - No Outlines Minefield
2
The Countries of the World
3
Find the Countries of Europe - No Outlines Minefield
4
Popular People in 1961
5
1-10 Letter E Words III
6
Find the US States
7
One Thing in Common: World Cities II
8
US States
More Sports Quizzes
Soccer Passports XI
Quiz Lab
Trending Quizzes
Risky Map Clicking: Least Populous States A-Z
1-10 Letter F Words
1-10 Letter G Words
One Thing in Common: United Kingdom
Risky Map Clicking: Next State Alphabetically
Recently Updated
Leaping Animals
pecheneg
Reality TV Shows (A-Z)
bhenderson79
Rickey Henderson's Hall of Fame Teammates
pecheneg
Champions League XIs: Arsenal
pecheneg
Quick Pick: Celebrities in WWE's Hall of Fame
aduchscher
A-Z Keypad Blitz II
pecheneg
Multiple Oscar Actors
pecheneg
Mystery Phrase Blitz: Oscar 'Best Actors'
pecheneg
F. Scott Fitzgerald Novels
LTH
Pick 3 Villains
ddd62291
Trending Topics
Harry Potter
NBA
Disney
Marvel
Kpop
Anime
Crossword
The Office
Song
NFL
Puzzle
WWE
Soccer
Country
Pokémon
Your Account Isn't Verified!
In order to create a playlist on Sporcle, you need to verify the email address you used during registration. Go to your
Sporcle Settings
to finish the process.
Report this User
Report this user for behavior that violates our
Community Guidelines
.
Details:
Send Report
Go to the Sporcle.com Mobile Site →
Comments